Les mots de la langue française terminés par "bon" - Statistiques

Statistiques générales
  • Ce quiz a été pris 293 fois
  • Le résultat moyen est 6 sur 12
Statistiques - réponses
Indice Mot % Correct
pays africain Gabon
91%
avantageux bon
90%
whisky bourbon
83%
combustible charbon
81%
douceur bonbon
79%
Bayonne jambon
72%
singe gibbon
69%
tumeur bubon
20%
vieillard barbon
18%
tribune élevée ambon
5%
taupe darbon
0%
partie centrale de bouclier ombon
0%
Aucun quiz correspondant
Distribution des résultats
% des personnes avec chaque résultat
Percentile par nombre de réponses
Votre historique - résultats
Vous n’avez pas pris ce quiz